Music Quiz

Random Music or Clip Quiz

Classical Melodies In Pop Songs Quiz Stats

 Plays Quiz not verified by Sporcle

Challenge
Share
Tweet
Score 0/22 Timer 15:00
0 Plays Today
Time Composer or Artist % Correct
0:00 - ComposerJohann Sebastian Bach or Christian Petzold - Minuet in G major (1725)
89.2%
4:01 - ComposerWolfgang Amadeus Mozart - Piano Concerto No. 21 in C major (1785)
82.5%
2:33 - ArtistElvis Presley Can't Help Falling In Love #1 (1961)
60.4%
5:58 - ComposerJohann Pachelbel - Canon in D major (1919)
51.8%
4:36 - ComposerPyotr Ilyich Tchaikovsky - Symphony No. 5 in E minor (1888)
44.4%
0:57 - ArtistCéline Dion - All By Myself #4 (1997)
39.2%
0:27 - ComposerSergei Rachmaninoff - Piano Concerto No.2 in C minor (1901)
38.2%
1:40 - ArtistPaul Simon - American Tune #35 (1973)
38.2%
6:39 - ComposerSergei Rachmaninoff - Symphony No. 2 in E minor (1908)
38.2%
5:04 - ArtistJohn Denver - Annie's Song #1 (1974)
32.7%
5:24 - ComposerErik Satie - Gymnopédie No.1 (1888)
31.7%
Time Composer or Artist % Correct
4:19 - ArtistNeil Diamond - Song Sung Blue #1 (1972)
24.2%
7:10 - ArtistEric Carmen - Never Gonna Fall In Love Again #11 (1976)
16.8%
3:44 - ArtistAllan Sherman - Hello Muddah, Hello Faddah #2 (1963)
15.8%
3:29 - ComposerAmilcare Ponchielli - Dance Of The Hours from La Gioconda (1876)
15.4%
6:17 - ArtistBlues Traveler - Hook #23 (1995)
14.8%
5:43 - ArtistJanet Jackson - Someone To Call My Lover #3 (2001)
9.8%
0:11 - ArtistThe Toys - A Lover's Concerto #2 (1965)
8.7%
3:09 - ArtistThe Mindbenders - A Groovy Kind Of Love #2 (1966)
8.1%
3:00 - ComposerMuzio Clementi - Sonatina Op.36 No.5 in G major (1797)
7.9%
2:03 - ComposerJean-Paul-Égide Martini - Plaisir d'amour (1784)
6.7%
1:23 - ComposerHans Leo Hassler - Mein G’müt ist mir verwirret (1601)
3.3%

You're not logged in!

Compare scores with friends on all Sporcle quizzes.
OR
Log In

You Might Also Like...

Show Comments

Extras

Top Quizzes Today


Score Distribution

Your Account Isn't Verified!

In order to create a playlist on Sporcle, you need to verify the email address you used during registration. Go to your Sporcle Settings to finish the process.

Report this User

Report this user for behavior that violates our Community Guidelines.

Details: